000 00543nam a2200157Ia 4500
003 GCL
005 20240530102108.0
008 140319s9999 xx 000 0 ara d
040 _aGCL /
_cGCL
082 0 4 _a811.4
_bس ك
100 0 _aالسجستانى ، ابوحاتم سهل بن محمد
245 1 0 _aكتاب فحولة الشعراء /
_cالسجستانى ، ابوحاتم سهل بن محمد
260 _a[S.N] :
_bلجنة الاعلام والدراسات المستقبلية ،
_c1991
300 _a158 ص
942 _2ddc
_cBK
999 _c29789
_d29789